El Principito (Registro nro. 16807)

Detalles MARC
000 -CABECERA
Longitud fija campo de control 00550nam a2200205 a 4500
003 - IDENTIFICADOR DELl NÚMERO DE CONTROL
Identificador del número de control OSt
005 - FECHA Y HORA DE LA ÚLTIMA TRANSACCIÓN
Fecha y hora de la última transacción 20150110103719.0
008 - CÓDIGOS DE INFORMACIÓN DE LONGITUD FIJA
Códigos de información de longitud fija 020226s1994
020 ## - NÚMERO INTERNACIONAL NORMALIZADO PARA LIBROS
Número Internacional Normalizado para Libros (ISBN) 84-89541-19-1
040 ## - FUENTE DE LA CATALOGACIÓN
Centro transcriptor BMC
082 ## - NÚMERO DE LA CLASIFICACIÓN DECIMAL DEWEY
Númeroo de clasificación 843
100 1# - PUNTO DE ACCESO PRINCIPAL-NOMBRE DE PERSONA
Nombre de persona Saint-Exupéry, Antoine de
9 (RLIN) 29637
Fechas asociadas al nombre 1900-1944
245 13 - MENCIÓN DE TÍTULO
Título El Principito
Mención de responsabilidad, etc. Antoine de Saint-Exupery ; con ilustraciones del autor
250 ## - MENCIÓN DE EDICIÓN
Mención de edición 2ª ed. reimp
260 ## - PUBLICACIÓN, DISTRIBUCIÓN, ETC. (PIE DE IMPRENTA)
Lugar de publicación, distribución, etc. San Salvador
Nombre del editor, distribuidor, etc. Clásicos Roxsil
Fecha de publicación, distribución, etc. 1994
300 ## - DESCRIPCIÓN FÍSICA
Extensión 92 p.
Otras características físicas il.
Dimensiones 16 cm
490 ## - MENCIÓN DE SERIE
Mención de serie Novela
Designación de volumen o secuencia 2203
650 24 - PUNTO DE ACCESO ADICIONAL DE MATERIA - TÉRMINO DE MATERIA
9 (RLIN) 11443
Término de materia o nombre geográfico como elemento inicial Novela francesa
942 ## - ENTRADA DE ELEMENTOS AGREGADOS (KOHA)
Fuente de clasificaión o esquema Dewey Decimal Classification
Koha [por defecto] tipo de item 1- Monografias
Existencias
Suprimido Perdido Fuente de clasificación o esquema Estropeado Restricciones de uso No para préstamo Código de colección Localización permanente Localización actual Localización en estanter&íacute;as Fecha adquisición Fuente de adquisición Número de inventario Préstamos totales Renovaciones totales Signatura completa Código de barras Fecha última consulta Fecha último préstamo Coste, precio reemplazado Fecha del precio de reemplazo Tipo de item de Koha Prestado
NULL NULL Dewey Decimal Classification NULL Prestable NULL NULL Biblioteca Miguel de Cervantes - UNICAES Biblioteca Miguel de Cervantes - UNICAES Sala Principal 16/12/2014 Donación - UNICO 026110 15 3 N SAI pri 1026520 20/05/2025 08/05/2025 9.00 16/12/2014 1- Monografias  
NULL NULL Dewey Decimal Classification NULL Prestable NULL NULL Biblioteca Miguel de Cervantes - UNICAES Biblioteca Miguel de Cervantes - UNICAES Sala Principal 16/12/2014 Donación - UNICO 026111 19 3 N SAI pri 1026521 08/04/2026 08/04/2026 9.00 16/12/2014 1- Monografias 10/04/2026
NULL NULL Dewey Decimal Classification NULL Prestable NULL NULL Biblioteca Miguel de Cervantes - UNICAES Biblioteca Miguel de Cervantes - UNICAES Sala Principal 16/12/2014 Donación - UNICO 026112 13 1 N SAI pri 1026522 30/05/2025 28/05/2025 9.00 16/12/2014 1- Monografias  
NULL NULL Dewey Decimal Classification NULL Prestable NULL NULL Biblioteca Miguel de Cervantes - UNICAES Biblioteca Miguel de Cervantes - UNICAES Sala Principal 16/12/2014 Donación - UNICO 026113 13 2 N SAI pri 1026523 16/06/2025 18/02/2025 9.00 16/12/2014 1- Monografias  
NULL NULL Dewey Decimal Classification NULL Prestable NULL NULL Biblioteca Miguel de Cervantes - UNICAES Biblioteca Miguel de Cervantes - UNICAES Sala Principal 16/12/2014 Donación - UNICO 026114 21 3 N SAI pri 1026524 12/03/2026 10/03/2026 9.00 16/12/2014 1- Monografias  
NULL NULL Dewey Decimal Classification NULL Prestable NULL NULL Biblioteca Miguel de Cervantes - UNICAES Biblioteca Miguel de Cervantes - UNICAES Sala Principal 16/12/2014 Donación - UNICO 026115 21 5 N SAI pri 1026525 27/08/2025 27/08/2025 9.00 16/12/2014 1- Monografias